| 000 | 00580nam a22001097a 4500 | ||
|---|---|---|---|
| 999 |
_c59677 _d59677 |
||
| 008 | 230331b xxu||||| |||| 00| 0 geo d | ||
| 080 | _a8Г2 ჩ-318 | ||
| 100 |
_aჩაჩიბაია, არჩილ, ავტორი. _917402 |
||
| 245 |
_aქართული კლასიკური და თანამედროვე საბავშვო ლიტერატურის საკითხები / _cარჩილ ჩაჩიბაია |
||
| 250 | _a1- ლი გამოც. | ||
| 264 |
_aთბილისი : _bნაკადული, _c1974. |
||